02893nam a2200289Ia 4500003000400000005001700004008004100021020001500062040002100077041000800098082002400106100003800130245013100168250002200299260005000321300008300371490001600454500003700470504004800507505040500555520145700960650004002417650004102457650003902498700002802537700003802565OSt20210818163945.0210310s1998 ck ad gr 000 0dspa d a9586017796 aCO-JMCRcCO-JMCR0 aspa04a338.98 /bG516c2231 aGiraldo Giraldo, César, eautor10aCrisis fiscal y financiera en América Latina / cCésar Giraldo Giraldo, Pierre Salama, Jorge Iván González [y 1 más] aPrimera edición aBogotá : bTercer Mundo S.A. : ESAP, c1998 aXIII, 189 páginas : bilustraciones y gráficas a blanco y negro ; c21 cm.0 aAcadémica aIncluye notas a pie de página. aBibliografía al final de cada capítulo.0 aHegemonía del capital financiero internacional y política económica en América Latina -- Financiarización excluyente de las economías latinoamericanas -- De lo financiero a la flexibilidad en América Latina y Norte y sureste de Asia -- Nueva crisis fiscal -- La deuda interna al servicio de la política monetaria -- La política fiscal en el modelo de sustitución de importaciones 3 aLa tesis central de La crisis fiscal y la crisis financiera en Amé rica Latina es que existe una hegemonía del capital financiero que ha condicionado la evolución de las variables fiscales y de la política económica de la región. Para poder extraer rentas financieras de los países, dicho capital requiere la adopción de ciertas decisiones de política económica; que permitan: aumentar la tasa de ganancia de la economía; que dicha ganancia pueda ser vertida en moneda divisa para poderla realizar en los mercados internacionales de capitales; garantizar la circulación del capital para poder permear todos los procesos económicos, y absorber las actividades del Estado que son excedentarias. Con el objeto de alcanzar los tres primeros objetivos se precisa flexibilizar los mercados de trabajo y capital. El primero para disminuir los salarios y así poder aumentar la plusvalía absoluta (el capital financiero no tiene la paciencia necesaria para inducir un cambio técnico que permita aumentar la plusvalía relativa), y el segundo para permitir la libre circulación del capital. Además de la flexibilización señalada, se promueven políticas de privatización con el objeto de absorber los excedentes existentes en el Estado. Las políticas mencionadas, flexibilización y privatización, se promueven con el discurso de darle preeminencia al mercado, que es lo que se conoce como el discurso neoliberal.14aCrisis financierazAmérica Latina24aHacienda públicazAmérica Latina24aDéficit fiscalzAmérica Latina1 aSalama, Pierre, eautor1 aGonzález, Jorge Iván, eautor